| 000 | 00805nab a2200229 uc4500 | ||
|---|---|---|---|
| 001 | 601715 | ||
| 005 | 20240207085620.0 | ||
| 008 | 000615e19991205 spa | ||
| 035 | _a601715 | ||
| 035 | _a(OCoLC)819835332 | ||
| 040 | _ccomduadb | ||
| 041 | _aspa | ||
| 100 | 1 | 0 |
_aLlano Cifuentes, Carlos _4aut _eaut _9479546 |
| 245 | 1 | 3 | _aLa dimension empirica de la argumentacion metafisica en Tomas de Aquino y Aristoteles |
| 650 |
_aTeoría de la argumentación _949499 |
||
| 650 |
_aTomas de Aquino, Santo, 1225-1274 _924945 |
||
| 650 | 7 |
_aCausalidad _2lemb _916854 |
|
| 650 | 7 |
_aLógica _2lemb _930095 |
|
| 650 | 7 |
_aFilosofía del lenguaje _2lemb _929404 |
|
| 773 | 0 |
_tTópicos : Revista de Filosofía (México) _gNúmero 17, Diciembre 1999, p. 153-198 _w261001 _x0188-6649 _099113 |
|
| 942 | _cARIMP | ||
| 999 |
_c154392 _d154392 |
||